| 000 | 00412nam a2200169Ia 4500 | ||
|---|---|---|---|
| 008 | 180424s9999 xx 000 0 und d | ||
| 084 | _a510.78 K131 | ||
| 100 | _a"Kirani Singh, Y" | ||
| 245 | 0 | _aMatlab Programming | |
| 250 | _a\\200700ENGGPCX | ||
| 260 | _aPrentice Hall of India | ||
| 260 | _b2007 | ||
| 260 | _cNew Delhi | ||
| 300 | _a370p. | ||
| 500 | _aincludes index and biblioraphy | ||
| 942 | _cBK | ||
| 999 |
_c98588 _d98588 |
||